The most Famous People In The World last names - Statistics

General Stats
  • This quiz has been taken 81 times
    55 since last reset
  • The average score is 10 of 15
Answer Stats
Hint Answer % Correct
Abraham Lincoln
94%
Isaac Newton
92%
George washington
92%
benjamin franklin
90%
adolf hitler
86%
lebron james
86%
winston churchill
78%
albert einstein
76%
taylor swift
76%
marie curie
66%
micheal jackson
60%
thomas jefferson
42%
sidney crosby
10%
Isaac Daley
4%
Ava Sheppard
4%
No matching quizzes found
Score Distribution
Percent of People with Each Score
Percentile by Number Answered
Your Score History
You have not taken this quiz since the last reset